The elements of technical writing / (Record no. 25990)
[ view plain ]
| 000 -LEADER | |
|---|---|
| fixed length control field | 01775cam a22003255a 4500 |
| 001 - CONTROL NUMBER | |
| control field | 1023711 |
| 003 - CONTROL NUMBER IDENTIFIER | |
| control field | EG-ScBUE |
| 005 - DATE AND TIME OF LATEST TRANSACTION | |
| control field | 20200209124952.0 |
| 008 - FIXED-LENGTH DATA ELEMENTS--GENERAL INFORMATION | |
| fixed length control field | 041210t1993 nyua f 001 0 eng d |
| 020 ## - INTERNATIONAL STANDARD BOOK NUMBER | |
| International Standard Book Number | 0020130856 |
| 020 ## - INTERNATIONAL STANDARD BOOK NUMBER | |
| International Standard Book Number | 9780020130857 |
| 040 ## - CATALOGING SOURCE | |
| Original cataloging agency | DPE |
| Language of cataloging | eng |
| Description conventions | rda |
| Transcribing agency | DPE |
| Modifying agency | OCLCQ |
| -- | YDXCP |
| -- | CRU |
| -- | EG-ScBUE |
| 082 04 - DEWEY DECIMAL CLASSIFICATION NUMBER | |
| Classification number | 808.0666 |
| Item number | BLA |
| Edition number | 22 |
| 100 1# - MAIN ENTRY--PERSONAL NAME | |
| Personal name | Blake, Gary, |
| Relator term | author. |
| 245 14 - TITLE STATEMENT | |
| Title | The elements of technical writing / |
| Statement of responsibility, etc | Gary Blake and Robert W. Bly. |
| 264 #1 - PUBLICATION, DISTRIBUTION, ETC. (IMPRINT) | |
| Place of publication, distribution, etc | New York, NY : |
| Name of publisher, distributor, etc | Longman Publishers, |
| Date of publication, distribution, etc | [1993] |
| 264 #4 - PUBLICATION, DISTRIBUTION, ETC. (IMPRINT) | |
| Date of publication, distribution, etc | c1993 |
| 300 ## - PHYSICAL DESCRIPTION | |
| Extent | xvii, 173 pages : |
| Other physical details | illustrations ; |
| Dimensions | 21 cm |
| 336 ## - CONTENT TYPE | |
| Source | rdacontent |
| Content type term | text |
| Content type code | txt |
| 337 ## - MEDIA TYPE | |
| Source | rdamedia |
| Media type term | unmediated |
| Media type code | n |
| 338 ## - CARRIER TYPE | |
| Source | rdacarrier |
| Carrier type term | volume |
| Carrier type code | nc |
| 500 ## - GENERAL NOTE | |
| General note | Includes index. |
| 500 ## - GENERAL NOTE | |
| General note | Includes appendices. |
| 520 ## - SUMMARY, ETC. | |
| Summary, etc | This book should be at the elbow of every executive writing reports, position papers, proposals, or any other business communication [as] the only classic reference to effective business writing ... This is a great reference book that will hone your writing to a scalpel-sharp edge." The Libey Letter. "'The Elements of Technical Writing' covers the basics of spelling, grammar, and style. In addition, it covers the finer points of creating excellent reports, proposals, articles, papers, manuals, and documents, including how to: write clearly and coherently, determine the aims of a presentation, use the appropriate tone for the audience, choose the right format for the document, use accurate technical language while avoiding jargon, and write standard reports and special projects with equal ease |
| 650 #7 - SUBJECT ADDED ENTRY--TOPICAL TERM | |
| Topical term or geographic name as entry element | Technical writing. |
| Source of heading or term | BUEsh |
| 9 (RLIN) | 5315 |
| 653 ## - INDEX TERM--UNCONTROLLED | |
| Resource For college | Generalities |
| Arrived date list | January2018 |
| 655 ## - INDEX TERM--GENRE/FORM | |
| Form subdivision | Reading book |
| 700 1# - ADDED ENTRY--PERSONAL NAME | |
| Personal name | Bly, Robert W, |
| Relator term | author. |
| 942 ## - ADDED ENTRY ELEMENTS (KOHA) | |
| Source of classification or shelving scheme | Dewey Decimal Classification |
| Koha item type | Book - Borrowing |
| Withdrawn status | Lost status | Source of classification or shelving scheme | Damaged status | Not for loan | Home library | Current library | Shelving location | Date acquired | Total Checkouts | Full call number | Barcode | Date last seen | Date checked out | Price effective from | Koha item type |
|---|---|---|---|---|---|---|---|---|---|---|---|---|---|---|---|
| Dewey Decimal Classification | Central Library | Central Library | Second Floor | 23/01/2018 | 1 | 808.0666 BLA | 000047155 | 15/07/2025 | 27/08/2024 | 23/01/2018 | Book - Borrowing |